বাংলাদেশের রাজনৈতিক দল-আওয়ামী লীগ ও বি.এন.পি'র উদীয়মান নেতৃত্বের আর্থ-সামাজিক পটভূমি : (Record no. 158592)
[ view plain ]
| 000 -LEADER | |
|---|---|
| fixed length control field | 01288nam a22002057a 4500 |
| 003 - CONTROL NUMBER IDENTIFIER | |
| control field | BD-DhUL |
| 005 - DATE AND TIME OF LATEST TRANSACTION | |
| control field | 20170227173942.0 |
| 008 - FIXED-LENGTH DATA ELEMENTS--GENERAL INFORMATION | |
| fixed length control field | 170227b2010 b a|||| |||| 00| 0 b d |
| 040 ## - CATALOGING SOURCE | |
| Original cataloging agency | BD-DhUL |
| Transcribing agency | BD-DhUL |
| 082 ## - DEWEY DECIMAL CLASSIFICATION NUMBER | |
| Classification number | 324.2 |
| Item number | YEB |
| 100 #1 - MAIN ENTRY--PERSONAL NAME | |
| Personal name | ইয়াসমিন, দিলরুবা |
| 245 00 - TITLE STATEMENT | |
| Title | বাংলাদেশের রাজনৈতিক দল-আওয়ামী লীগ ও বি.এন.পি'র উদীয়মান নেতৃত্বের আর্থ-সামাজিক পটভূমি : |
| Remainder of title | একটি তুলনামূলক বিশ্লেষণ / |
| Statement of responsibility, etc. | দিলরুবা ইয়াসমিন |
| Medium | [অভিসন্দর্ভ এমফিল] |
| 260 ## - PUBLICATION, DISTRIBUTION, ETC. (IMPRINT) | |
| Place of publication, distribution, etc. | ঢাকা : |
| Name of publisher, distributor, etc. | ঢাকা বিশ্ববিদ্যালয়, |
| Date of publication, distribution, etc. | ২০১০. |
| 300 ## - PHYSICAL DESCRIPTION | |
| Extent | viii, ১২৪ পৃ. : |
| Other physical details | চিত্র ; |
| Dimensions | ২৯ সে.মি. |
| 500 ## - GENERAL NOTE | |
| General note | অভিসন্দর্ভ (এম.ফিল.)-- রাষ্ট্রবিজ্ঞান বিভাগ, ঢাকা বিশ্ববিদ্যালয়, ২০১০। |
| 504 ## - BIBLIOGRAPHY, ETC. NOTE | |
| Bibliography, etc | গ্রন্থপঞ্জিগত তথ্য সংবলিত |
| 650 #4 - SUBJECT ADDED ENTRY--TOPICAL TERM | |
| Topical term or geographic name as entry element | রাজনৈতিক দল |
| 650 #4 - SUBJECT ADDED ENTRY--TOPICAL TERM | |
| Topical term or geographic name as entry element | Political party |
| 942 ## - ADDED ENTRY ELEMENTS (KOHA) | |
| Source of classification or shelving scheme | |
| Koha item type | Reference |
| Price effective from | Date last seen | Permanent Location | Not for loan | Date acquired | Source of classification or shelving scheme | Koha item type | Barcode | Lost status | Damaged status | Shelving location | Withdrawn status | Current Location | Copy number | Full call number |
|---|---|---|---|---|---|---|---|---|---|---|---|---|---|---|
| 2017-02-27 | 2017-02-27 | Dhaka University Library | Not For Loan | 2017-02-27 | Reference | 449250 | Rare Collection | Dhaka University Library | 1 | 324.2 YEB |
